00616nam a22002057a 450000500170000001000150001702000260003203500140005803700130007208200080008510000250009324500710011826000430018927000810023230000220031370000200033570000190035570000200037470000160039420241120111407.0 aENG-142629 a9789383148261c200.00 aEN-126161 bDBAD/PUB a621 aJohn, Abhishek David aSpark In Mechanical Engineers /c by Abhishek David John...[et.al] aChennaibMurankalari Padaippagamc2017 a34/25, Vedhachalam st. Gandhi Nagar, Chinna Sekkadu, ManalibChennaie600068 a181p. c21cm(pbk) aS. Naveen Kumar aJayachandran.V aR. Naveen Kumar aKumaresh. T